| 000 | 01128nas a2200313 4500 | ||
|---|---|---|---|
| 001 | BR2013009418 | ||
| 003 | BR-BrBNA | ||
| 005 | 20231205123304.0 | ||
| 007 | ta | ||
| 008 | 230509b bl.|||p| |||| 00| 00por d | ||
| 040 |
_aBR-BrBNA _bpor _cBiblioteca Nacional de Agricultura |
||
| 041 | _a(Pt) | ||
| 072 | _aF03; K10 | ||
| 100 | 1 | _aBraga, A.J.T. | |
| 100 | 1 | _aGriffith, J.J. | |
| 100 | 1 | _aPaiva, H.N. de | |
| 100 | 1 | _aMeira Neto, J.A.A. | |
| 245 | 1 | _aComposição do banco de sementes de uma floresta semidecidual secundária considerando o seu potencial de uso para recuperação ambiental | |
| 246 | 1 | _aComposition of a secondary forest seed bank considering its potential use for environmental reclamation | |
| 650 | _aSEMENTE | ||
| 650 | _aFLORESTA | ||
| 650 | _aSERAPILHEIRA | ||
| 650 | _aGERMINAÇÃO | ||
| 650 | _aREGENERAÇÃO | ||
| 773 | 0 |
_tRevista Árvore (Brazil) _xISSN 0100-6762 _g(Nov-Dec 2008), v. 32(6) p. 1089-1098 _wBR2013009418 |
|
| 856 | 4 |
_uhttp://www.scielo.br/pdf/rarv/v32n6/a14v32n6.pdf _yRecurso eletrônico (PDF) |
|
| 909 |
_a202311 _bLúcia _c55 _dLúcia Elande |
||
| 942 |
_2AGRIS _n0 _cANA |
||
| 999 |
_c233134 _d233134 |
||